=LDR 00000nam 2200000 4500 =001 NUTBA000000000003569 =005 20140821150259.0 =006 =007 =008 =020 ##$$a 978-979-063-224-0 =035 ##$$a 0010-081400000000414 =040 ##$$a NBPDMAT =090 ##$$a 372.7 $b Sri c =100 ##$$a Sriyono =245 ##$$a Cerita dan permainan angka / Sriyono; Editor, Dede Abdurohman =260 ##$$a Jakarta : $b Bestari Kids, $c 2011 =300 ##$$a iii, 48 hlm. : ilus. : 20 cm. =650 ##$$a Matematika - TK =700 ##$$a Dede Abdurohman =850 ##$$a NBPDMAT =990 ##$$a 21406022